U.S. States with the Most NFL Players per Capita - Statistics

General Stats
  • This quiz has been taken 12,057 times
  • The average score is 7 of 10
Answer Stats
per million State % Correct
11.4 Florida
91%
17.1 Alabama
83%
19.3 Georgia
83%
22.3 Mississippi
74%
9.6 North Carolina
73%
10.4 South Carolina
73%
22.1 Louisiana
68%
9.1 Ohio
67%
9.7 Maryland
40%
11.7 Hawaii
36%
No matching quizzes found
Score Distribution
Percent of People with Each Score
Percentile by Number Answered
Your Score History
You have not taken this quiz